000 00657nam a2200181 a 4500
008 120416s1986 ||||||||||||||||| || u
020 _a0847674487
050 _aHB 846.5 Cum
100 _aCummings, Ronald G
245 1 0 _aValuing environmental goods
246 _aan assessment of the contingent valuation method
260 _aNew York
_bRowman & Littlefield
_c1986
300 _axiii, 270p. : ill
350 _a0.00
650 _aNATURAL RESOURCES--VALUATION
700 _aSchulze, William D
995 _D0.00
_FCBU-MAIN LIBRARY (Kitwe)
_H1
_I0.00
_M1
_UAVAILABLE
_ZAnnex Low-Usage Collection
999 _c61235
_d61235